| 000 | 00943 a2200253 4500 | ||
|---|---|---|---|
| 005 | 20080911143730.0 | ||
| 008 | 080911t xxu||||| |||| 00| 0 eng d | ||
| 010 | _aENG-91432 | ||
| 020 |
_c395.00 _a9788120336292 |
||
| 035 | _aEN-74965 | ||
| 037 | _bDBAD / PUB | ||
| 040 |
_adpl _bEnglish |
||
| 082 | _a005.43 | ||
| 100 | _aStallings, William | ||
| 245 |
_aOperating systems: _cby William Stallings _binternals and design principles / |
||
| 250 | _a6th ed | ||
| 260 |
_aNew Delhi _bPHI Learning _c2009 |
||
| 270 |
_aM-97, Connaught Circus _bNewDelhi _e110001 |
||
| 300 |
_axviii, 822 p.: _c23 cm. (pbk) _bill. |
||
| 500 | _aIncludes references and index | ||
| 650 | _aOperating systems (Computers) | ||
| 942 |
_adpl _cEN _2ddc _mSTA _h005.43 |
||
| 999 |
_c17241 _d17241 |
||